000 00521nam a2200205Ia 4500
999 _c7976
_d7976
003 0100
005 20190710122627.0
008 130303s9999 xx 000 0 und d
020 _a1563243415
040 _cARRUPELIB
050 _aHD1698.I42G8581995
245 _aToward sustainable development?
245 _bstruggling over India's Narmada River
260 _aArmonk
_bM.E. Sharpe
_c1995
300 _axviii
300 _b 481p. 24cm.
650 _aIrrigation
_xGujarat Dams
_z India
_946870
650 _aEnviromental aspects
_xGujarat
_zIndia
_946871
700 _aedited by William F. Fisher , Fisher, William F
_946872
942 0 0 _01
_2lcc
_cMONOGRAPH